[Event "Titled Tuesday intern op 18th Jan"]
[Site "Chess.com INT"]
[Date "2022.01.18"]
[Round "3"]
[White "Kovalev, Egor"]
[Black "Narayanan, Sunilduth Lyna"]
[Result "0-1"]
[WhiteElo "2217"]
[BlackElo "2658"]
[PlyCount "156"]
[EventDate "2022.01.18"]
[EventType "swiss (blitz)"]
[EventRounds "11"]
[EventCountry "USA"]
[SourceTitle "CBM 206 Extra"]
[Source "ChessBase"]
[SourceDate "2022.03.31"]
[SourceVersion "1"]
[SourceVersionDate "2022.03.31"]
[SourceQuality "1"]

1. e4 c6 2. d4 d5 3. e5 Bf5 4. h4 h6 5. g4 Bd7 6. Nc3 e6 7. Be3 h5 8. gxh5 Nh6 9. Bh3 Qxh4 10. Qf3 Qd8 11. 0-0-0 c5 12. dxc5 Nc6 13. Qg3 Qa5 14. Nge2 0-0-0 15. Nd4 Nxd4 16. Bxd4 Bxc5 17. Qxg7 Be7 18. Qg3 b5 19. a3 b4 20. axb4 Bxb4 21. Kd2 Qc7 22. Qd3 Kb7 23. Ra1 a5 24. Kd1 Qc4 25. Ne2 Bb5 26. Qxc4 dxc4 27. c3 Bc6 28. Rg1 Bc5 29. Bg2 Nf5 30. Bxc6+ Kxc6 31. Rxa5 Bxd4 32. cxd4 Nxd4 33. Nxd4+ Rxd4+ 34. Kc2 Rxh5 35. Kc3 Rf4 36. Rd1 Rh3+ 37. Kb4 Rb3+ 38. Ka4 Rxb2 39. Rd6+ Kc7 40. Ra7+ Rb7 41. Rxb7+ Kxb7 42. Kb4 Kc7 43. Ra6 Kd7 44. Kc3 Ke7 45. Ra8 Rxf2 46. Kxc4 Rd2 47. Ra5 Kf8 48. Kc3 Rd8 49. Kc4 Kg7 50. Ra1 Rd5 51. Re1 Kf8 52. Kc3 Ke7 53. Kc4 Rd8 54. Re2 Kf8 55. Rg2 Rd1 56. Rg3 Rd5 57. Rg5 Ke7 58. Rh5 Rd7 59. Rg5 Kd8 60. Rg8+ Kc7 61. Rf8 Kc6 62. Rh8 Rd1 63. Rf8 Rf1 64. Kd4 Rf4+ 65. Ke3 Rf5 66. Ke4 Kb5 67. Rc8 Kb6 68. Rc1 Kb7 69. Rc2 Rh5 70. Rc3 Rh4+ 71. Kd3 Rh3+ 72. Kd4 Rxc3 73. Kxc3 Kc7 74. Kd3 Kb6 75. Kd4 Kb5 76. Kd3 Kc5 77. Ke3 Kd5 78. Kf4 Kd4 0-1

[Event "Titled Tuesday intern op 18th Jan"]
[Site "Chess.com INT"]
[Date "2022.01.18"]
[Round "1"]
[White "Martin, Lewis"]
[Black "Kovalev, Egor"]
[Result "0-1"]
[WhiteElo "2196"]
[BlackElo "2217"]
[PlyCount "80"]
[EventDate "2022.01.18"]
[EventType "swiss (blitz)"]
[EventRounds "11"]
[EventCountry "USA"]
[SourceTitle "CBM 206 Extra"]
[Source "ChessBase"]
[SourceDate "2022.03.31"]
[SourceVersion "1"]
[SourceVersionDate "2022.03.31"]
[SourceQuality "1"]

1. e4 c5 2. Nf3 e6 3. d4 cxd4 4. Nxd4 Nf6 5. Nc3 d6 6. g4 h6 7. Rg1 Nc6 8. Be3 e5 9. Nxc6 bxc6 10. f3 Be6 11. Qd2 a6 12. 0-0-0 d5 13. exd5 cxd5 14. g5 hxg5 15. Bxg5 d4 16. Ne4 Nxe4 17. fxe4 Qb6 18. Qd3 Rxh2 19. Qg3 Rh8 20. Qxe5 f6 21. Bxf6 gxf6 22. Qxf6 Bh6+ 23. Rd2 Bxd2+ 24. Kxd2 Rf8 25. Qg6+ Kd7 26. Be2 Qxb2 27. Rg3 Rf7 28. Rd3 Qb4+ 29. Kd1 Rh8 30. Qg1 Qb1+ 31. Kd2 Qxg1 32. c3 Ke7 33. cxd4 Rh2 34. d5 Bd7 35. e5 Rff2 36. Re3 Rxe2+ 37. Rxe2 Rxe2+ 38. Kxe2 Qd4 39. d6+ Ke6 40. Kf3 Kxe5 0-1

[Event "Titled Tuesday intern op 10th Aug"]
[Site "Chess.com INT"]
[Date "2021.08.10"]
[Round "3"]
[White "Khusnutdinov, Rustam"]
[Black "Kovalev, Egor"]
[Result "1-0"]
[WhiteElo "2484"]
[BlackElo "2217"]
[PlyCount "71"]
[EventDate "2021.08.10"]
[EventType "swiss (blitz)"]
[EventRounds "11"]
[EventCountry "USA"]
[SourceTitle "CBM 203 Extra"]
[Source "ChessBase"]
[SourceDate "2021.09.30"]
[SourceVersion "1"]
[SourceVersionDate "2021.09.30"]
[SourceQuality "1"]

1. d4 Nf6 2. c4 g6 3. Nc3 d5 4. Bg5 Bg7 5. Bxf6 Bxf6 6. cxd5 c5 7. dxc5 Qa5 8. Qd2 Na6 9. e3 Nxc5 10. Rc1 0-0 11. Nf3 Rd8 12. Bc4 e6 13. 0-0 Bxc3 14. Qxc3 Qxc3 15. Rxc3 exd5 16. Rd1 Be6 17. Be2 Rac8 18. Nd4 Na4 19. Ra3 Nxb2 20. Rb1 Nc4 21. Rxa7 b6 22. h4 Ra8 23. Nxe6 fxe6 24. Re7 Rxa2 25. Bg4 e5 26. Be6+ Kh8 27. e4 Nd2 28. Rxb6 Nxe4 29. Rbb7 Nf6 30. g4 Ra6 31. g5 Rxe6 32. Rxe6 Nh5 33. Ree7 d4 34. Rxh7+ Kg8 35. Rhd7 d3 36. Rxd8# 1-0

[Event "Titled Tuesday intern op 10th Aug"]
[Site "Chess.com INT"]
[Date "2021.08.10"]
[Round "5"]
[White "Kovalev, Egor"]
[Black "Bok, Benjamin"]
[Result "0-1"]
[WhiteElo "2217"]
[BlackElo "2624"]
[PlyCount "102"]
[EventDate "2021.08.10"]
[EventType "swiss (blitz)"]
[EventRounds "11"]
[EventCountry "USA"]
[SourceTitle "CBM 203 Extra"]
[Source "ChessBase"]
[SourceDate "2021.09.30"]
[SourceVersion "1"]
[SourceVersionDate "2021.09.30"]
[SourceQuality "1"]

1. e4 c5 2. Nf3 d6 3. d4 cxd4 4. Nxd4 Nf6 5. Nc3 a6 6. f3 e5 7. Nb3 Be6 8. Be3 Nbd7 9. g4 b5 10. g5 b4 11. Ne2 Ng8 12. Qd2 h6 13. 0-0-0 a5 14. Kb1 hxg5 15. Bxg5 Qc7 16. Nbc1 Ngf6 17. Ng3 Rb8 18. f4 Be7 19. h4 a4 20. Bh3 Bxh3 21. Rxh3 g6 22. Rf1 Qc4 23. fxe5 dxe5 24. Rh2 Nh5 25. Bxe7 Nxg3 26. Rxf7 Qxf7 27. Bd6 Nf1 28. Qg2 Nxh2 29. Bxb8 Nxb8 30. Qxh2 Nd7 31. Qd2 Rxh4 32. b3 axb3 33. axb3 Rxe4 34. Kb2 Qf4 35. Qd5 Rd4 36. Qe6+ Kd8 37. Nd3 Rxd3 38. Qg8+ Kc7 39. cxd3 Qd2+ 40. Ka1 Qc1+ 41. Ka2 Qc2+ 42. Ka1 Qxd3 43. Qe6 g5 44. Ka2 Qd4 45. Qg6 g4 46. Qc2+ Kd8 47. Qg6 Qf2+ 48. Ka1 g3 49. Qg8+ Kc7 50. Qc4+ Kd6 51. Qa6+ Ke7 0-1

[Event "Titled Tuesday intern op 10th Aug"]
[Site "Chess.com INT"]
[Date "2021.08.10"]
[Round "2"]
[White "Kovalev, Egor"]
[Black "Daeschler, Florian"]
[Result "1-0"]
[WhiteElo "2217"]
[BlackElo "2273"]
[PlyCount "73"]
[EventDate "2021.08.10"]
[EventType "swiss (blitz)"]
[EventRounds "11"]
[EventCountry "USA"]
[SourceTitle "CBM 203 Extra"]
[Source "ChessBase"]
[SourceDate "2021.09.30"]
[SourceVersion "1"]
[SourceVersionDate "2021.09.30"]
[SourceQuality "1"]

1. e4 e5 2. Nf3 Nc6 3. Bb5 Nf6 4. d4 exd4 5. 0-0 Be7 6. e5 Ne4 7. Nxd4 Nxd4 8. Qxd4 Nc5 9. Nc3 0-0 10. Be3 d6 11. Rad1 Bf5 12. Nd5 Bxc2 13. Nxe7+ Qxe7 14. exd6 cxd6 15. Qxd6 Qxd6 16. Rxd6 Ne6 17. Rc1 Be4 18. f3 Bg6 19. Rd7 a6 20. Ba4 b5 21. Bb3 Rac8 22. Rxc8 Rxc8 23. Rd6 Re8 24. Rxa6 h5 25. Kf2 h4 26. Rb6 Bd3 27. Rd6 Bc4 28. Bxc4 bxc4 29. Rc6 Rb8 30. Bc1 Ra8 31. a3 Nd4 32. Rxc4 Nb3 33. Be3 Rd8 34. Rxh4 Rd3 35. Rb4 f6 36. a4 Kf7 37. Ke2 1-0

[Event "Titled Tuesday intern op 10th Aug"]
[Site "Chess.com INT"]
[Date "2021.08.10"]
[Round "11"]
[White "Kovalev, Egor"]
[Black "Harika, Dronavalli"]
[Result "0-1"]
[WhiteElo "2217"]
[BlackElo "2515"]
[PlyCount "56"]
[EventDate "2021.08.10"]
[EventType "swiss (blitz)"]
[EventRounds "11"]
[EventCountry "USA"]
[SourceTitle "CBM 203 Extra"]
[Source "ChessBase"]
[SourceDate "2021.09.30"]
[SourceVersion "1"]
[SourceVersionDate "2021.09.30"]
[SourceQuality "1"]

1. e4 c5 2. Nf3 g6 3. d4 cxd4 4. Nxd4 Bg7 5. Nc3 Nc6 6. Be3 d6 7. Bc4 Nf6 8. f3 0-0 9. Bb3 Nxd4 10. Bxd4 Bd7 11. Qd2 b5 12. a4 b4 13. Nd5 Nxd5 14. Bxg7 Kxg7 15. exd5 Qa5 16. g4 Rae8 17. h4 e5 18. h5 Rh8 19. 0-0-0 Bxa4 20. Bxa4 Qxa4 21. Kb1 b3 22. cxb3 Qxb3 23. h6+ Kf8 24. Qg5 Rb8 25. Rd2 Qxf3 26. Rc1 Qf4 27. Qh4 Qxd2 28. Qf6 Qxb2# 0-1

[Event "Titled Tuesday intern op 10th Aug"]
[Site "Chess.com INT"]
[Date "2021.08.10"]
[Round "4"]
[White "Shafigullina, Zarina"]
[Black "Kovalev, Egor"]
[Result "0-1"]
[WhiteElo "2245"]
[BlackElo "2217"]
[PlyCount "88"]
[EventDate "2021.08.10"]
[EventType "swiss (blitz)"]
[EventRounds "11"]
[EventCountry "USA"]
[SourceTitle "CBM 203 Extra"]
[Source "ChessBase"]
[SourceDate "2021.09.30"]
[SourceVersion "1"]
[SourceVersionDate "2021.09.30"]
[SourceQuality "1"]

1. Nf3 Nf6 2. g3 g6 3. Bg2 Bg7 4. 0-0 0-0 5. d4 d5 6. c4 Nc6 7. cxd5 Nxd5 8. e4 Nb6 9. d5 Na5 10. Nc3 c6 11. Nd4 cxd5 12. exd5 e6 13. Ndb5 a6 14. Na3 exd5 15. Nxd5 Nxd5 16. Qxd5 Qxd5 17. Bxd5 Bh3 18. Bg2 Bxg2 19. Kxg2 Rac8 20. Rb1 b5 21. b4 Nc6 22. Be3 Rfd8 23. Rfc1 Rd3 24. Nc2 Ne5 25. Ne1 Rdd8 26. Rxc8 Rxc8 27. Rc1 Nc4 28. Nd3 Bb2 29. Rb1 Bf6 30. Nc5 Nxe3+ 31. fxe3 Rc6 32. Kf3 Be7 33. Nd3 f6 34. Rb2 Kf7 35. Ke2 Ke6 36. Kd2 Kd5 37. Rc2 Rxc2+ 38. Kxc2 Ke4 39. Kd2 Kf3 40. a3 Kg2 41. h4 Kxg3 42. Nc5 a5 43. Ne4+ Kf3 44. Nc5 axb4 0-1

[Event "Titled Tuesday intern op 03rd Aug"]
[Site "Chess.com INT"]
[Date "2021.08.03"]
[Round "7"]
[White "Kovalev, Egor"]
[Black "Bethke, Richard"]
[Result "1-0"]
[WhiteElo "2217"]
[BlackElo "2337"]
[PlyCount "97"]
[EventDate "2021.08.03"]
[EventType "swiss (blitz)"]
[EventRounds "11"]
[EventCountry "USA"]
[SourceTitle "CBM 203 Extra"]
[Source "ChessBase"]
[SourceDate "2021.09.30"]
[SourceVersion "1"]
[SourceVersionDate "2021.09.30"]
[SourceQuality "1"]

1. e4 c5 2. Nf3 d6 3. d4 cxd4 4. Nxd4 Nf6 5. Nc3 a6 6. f3 e5 7. Nb3 Be6 8. Be3 Nbd7 9. g4 h6 10. Qd2 Rc8 11. 0-0-0 Nb6 12. Na5 Nc4 13. Bxc4 Qxa5 14. Bxe6 fxe6 15. h4 d5 16. exd5 exd5 17. Nxd5 Qxd2+ 18. Rxd2 Bc5 19. Re1 Kf7 20. c3 Rhd8 21. Bxc5 Nxd5 22. Bf2 Kf6 23. Bg3 Nf4 24. Red1 Re8 25. Bxf4 exf4 26. Rd6+ Re6 27. Rxe6+ Kxe6 28. Rd4 g5 29. Re4+ Kf6 30. h5 b5 31. Kc2 Rc6 32. Kd3 Rd6+ 33. Kc2 Rc6 34. Kb3 Rd6 35. Rd4 Re6 36. a4 Re3 37. Rd6+ Ke5 38. Rxh6 bxa4+ 39. Kxa4 Rxf3 40. Rg6 Rf1 41. Rxg5+ Ke6 42. h6 Rh1 43. Rf5 Rxh6 44. Rxf4 Rg6 45. b4 Ke5 46. Rd4 Rf6 47. Ka5 Rc6 48. Rd3 Ke4 49. Rd8 1-0

[Event "Moscow op-F 15th"]
[Site "Moscow"]
[Date "2019.01.30"]
[Round "6"]
[White "Kovalev, Egor"]
[Black "Borisov, Mark"]
[Result "1-0"]
[WhiteElo "2234"]
[BlackElo "1877"]
[PlyCount "81"]
[EventDate "2019.01.25"]
[EventType "swiss"]
[EventRounds "9"]
[EventCountry "RUS"]
[SourceTitle "CBM 188 Extra"]
[Source "ChessBase"]
[SourceDate "2019.02.28"]
[SourceVersion "1"]
[SourceVersionDate "2019.02.28"]
[SourceQuality "1"]

1. e4 c6 2. d4 d5 3. e5 c5 4. dxc5 Nc6 5. Nf3 Bg4 6. c3 e6 7. Be3 Bxf3 8. Qxf3 Nxe5 9. Bb5+ Nc6 10. 0-0 Nf6 11. c4 Qc7 12. Nc3 dxc4 13. Bxc4 Be7 14. Nb5 Qb8 15. Nd4 Nxd4 16. Bxd4 0-0 17. b4 a5 18. a3 Rd8 19. Rad1 axb4 20. axb4 Nd7 21. Rd2 Bf6 22. Rfd1 Rf8 23. Bxf6 Nxf6 24. g4 h6 25. h4 Qe5 26. Re2 Qc7 27. Rd6 Rfd8 28. Red2 Rxd6 29. Rxd6 Rd8 30. Qd3 Ra8 31. g5 hxg5 32. hxg5 Nh5 33. Qe3 g6 34. b5 Ng7 35. Bd3 Ra4 36. b6 Rg4+ 37. Kf1 Qe7 38. f4 Nh5 39. Rd4 Kh7 40. Qh3 Qxc5 41. Qxh5+ 1-0

[Event "St Petersburg Korchnoi Memorial op"]
[Site "St Petersburg"]
[Date "2018.08.19"]
[Round "5"]
[White "Kovalev, Egor"]
[Black "Badmatsyrenov, Oleg"]
[Result "1-0"]
[WhiteElo "2218"]
[BlackElo "2454"]
[PlyCount "55"]
[EventDate "2018.08.15"]
[EventType "swiss"]
[EventRounds "9"]
[EventCountry "RUS"]
[SourceTitle "CBM 186 Extra"]
[Source "ChessBase"]
[SourceDate "2018.08.24"]
[SourceVersion "1"]
[SourceVersionDate "2018.08.24"]
[SourceQuality "1"]

1. e4 c5 2. Nf3 e6 3. d4 cxd4 4. Nxd4 a6 5. Nc3 b5 6. Bd3 Qb6 7. Nb3 Qc7 8. 0-0 Bb7 9. a3 Nc6 10. Qe2 d6 11. f4 Nf6 12. Bd2 Be7 13. Rae1 Nd7 14. Nd5 exd5 15. exd5 Nce5 16. Ba5 Qb8 17. fxe5 Nxe5 18. Nd4 Qa7 19. Qe4 g6 20. Kh1 Qc5 21. Qf4 f5 22. Ne6 Qc8 23. Ng7+ Kf7 24. Nxf5 gxf5 25. Bxf5 Qxf5 26. Qxf5+ Ke8 27. Rxe5 dxe5 28. Qf7+ 1-0

[Event "Moscow op-A 14th"]
[Site "Moscow"]
[Date "2018.01.30"]
[Round "4"]
[White "Dudin, Gleb"]
[Black "Kovalev, Egor"]
[Result "1/2-1/2"]
[WhiteElo "2073"]
[BlackElo "2303"]
[PlyCount "62"]
[EventDate "2018.01.27"]
[EventType "swiss"]
[EventRounds "9"]
[EventCountry "RUS"]
[SourceTitle "CBM 182 Extra"]
[Source "ChessBase"]
[SourceDate "2018.02.23"]
[SourceVersion "1"]
[SourceVersionDate "2018.02.23"]
[SourceQuality "1"]

1. d4 Nf6 2. c4 g6 3. Nc3 Bg7 4. e4 0-0 5. Be2 d6 6. Bg5 c5 7. d5 Qa5 8. Bd2 a6 9. a4 e5 10. Bd3 Qd8 11. Nge2 Nh5 12. 0-0 Qh4 13. Qc1 Qe7 14. Qc2 a5 15. Rae1 Nd7 16. b3 b6 17. f3 Ba6 18. Nb5 Bxb5 19. axb5 Rae8 20. g3 Kh8 21. Kg2 Nhf6 22. Qc1 Ng8 23. g4 Bf6 24. Ng3 Bh4 25. Re2 Kg7 26. Kh1 h6 27. Rg1 Kh7 28. Qf1 Bg5 29. Qh3 Bxd2 30. Rxd2 Qg5 31. Re2 Qf4 1/2-1/2

[Event "Moscow op-A 14th"]
[Site "Moscow"]
[Date "2018.01.29"]
[Round "3"]
[White "Kovalev, Egor"]
[Black "Odegov, Artem"]
[Result "0-1"]
[WhiteElo "2303"]
[BlackElo "2091"]
[PlyCount "60"]
[EventDate "2018.01.27"]
[EventType "swiss"]
[EventRounds "9"]
[EventCountry "RUS"]
[SourceTitle "CBM 182 Extra"]
[Source "ChessBase"]
[SourceDate "2018.02.23"]
[SourceVersion "1"]
[SourceVersionDate "2018.02.23"]
[SourceQuality "1"]

1. Nf3 d5 2. g3 Nf6 3. c4 c6 4. Bg2 Bf5 5. cxd5 cxd5 6. Qb3 Qb6 7. Qxb6 axb6 8. d3 Nc6 9. Be3 b5 10. Nc3 b4 11. Nb5 Rc8 12. Kd2 e5 13. Rhc1 Be7 14. Bc5 Bxc5 15. Rxc5 Ke7 16. Rac1 Rhd8 17. h3 Ne4+ 18. dxe4 dxe4+ 19. Ke3 exf3 20. Bxf3 f6 21. Bxc6 Rxc6 22. Rxc6 bxc6 23. Na7 Kf7 24. Rc4 Ra8 25. Nxc6 Rxa2 26. Rxb4 Bxh3 27. Rb7+ Kg6 28. b4 Bf1 29. Ne7+ Kh5 30. Nf5 Rxe2+ 0-1

[Event "RUS-chT rapid"]
[Site "Sochi"]
[Date "2016.10.05"]
[Round "2.5"]
[White "Kovalev, Egor"]
[Black "Levin, Evgeny A"]
[Result "0-1"]
[WhiteElo "2339"]
[BlackElo "2505"]
[PlyCount "76"]
[EventDate "2016.10.05"]
[EventType "team-swiss (rapid)"]
[EventRounds "9"]
[EventCountry "RUS"]
[SourceTitle "EXT 2017"]
[Source "ChessBase"]
[SourceDate "2016.10.25"]
[SourceVersion "1"]
[SourceVersionDate "2016.10.25"]
[SourceQuality "1"]
[WhiteTeam "Moscow SSHOR Youth"]
[BlackTeam "St Petersburg SDYUSSHOR"]
[WhiteTeamCountry "RUS"]
[BlackTeamCountry "RUS"]

1. Nf3 Nf6 2. g3 g6 3. Bg2 Bg7 4. 0-0 0-0 5. d4 d6 6. Nc3 d5 7. Bf4 c6 8. Re1 Bf5 9. h3 Ne4 10. Nh4 Nxc3 11. bxc3 Be6 12. Qd2 Nd7 13. Bh6 Nf6 14. Bxg7 Kxg7 15. Qe3 Qc7 16. Nf3 Rac8 17. Rab1 b6 18. g4 Rfe8 19. Ne5 c5 20. Rec1 cxd4 21. cxd4 Qc3 22. Nd3 Rc4 23. Qe5 Kg8 24. e3 Qa3 25. Nf4 Qd6 26. Rb5 Qxe5 27. dxe5 Ne4 28. Nxd5 a6 29. Nxb6 axb5 30. Nxc4 Nc3 31. Bf1 Bxc4 32. Bxc4 bxc4 33. Ra1 Ra8 34. a3 Kf8 35. Kf1 Ke8 36. Ke1 Kd7 37. f3 Ke6 38. Kd2 Rxa3 0-1

[Event "Samara Polugaevsky Memorial 6th"]
[Site "Samara"]
[Date "2016.07.10"]
[Round "8"]
[White "Kovalev, Egor"]
[Black "Khanin, Semen"]
[Result "0-1"]
[WhiteElo "2222"]
[BlackElo "2386"]
[PlyCount "112"]
[EventDate "2016.07.03"]
[EventType "swiss"]
[EventRounds "9"]
[EventCountry "RUS"]
[SourceTitle "EXT 2019"]
[Source "ChessBase"]
[SourceDate "2018.10.10"]
[SourceVersion "1"]
[SourceVersionDate "2018.10.10"]
[SourceQuality "1"]

1. e4 c5 2. Nf3 e6 3. d4 cxd4 4. Nxd4 Nc6 5. Nc3 Qc7 6. Be2 a6 7. 0-0 Nf6 8. Kh1 Be7 9. f4 d6 10. Bf3 0-0 11. Be3 Nxd4 12. Qxd4 e5 13. Qd2 b5 14. a3 Bb7 15. fxe5 dxe5 16. Qf2 Rac8 17. Rad1 Bxa3 18. Nd5 Bxd5 19. exd5 Bd6 20. Bg5 Qxc2 21. Bxf6 Qxf2 22. Rxf2 gxf6 23. Bg4 Rc4 24. Be2 Rc2 25. Rxf6 Rxe2 26. Rxd6 Rxb2 27. Rxa6 e4 28. Kg1 Kg7 29. d6 Rd8 30. Ra7 e3 31. Re7 e2 32. Rd3 Kf8 33. Rf3 Rb1+ 34. Kf2 e1Q+ 35. Rxe1 Rxe1 36. Kxe1 Rxd6 37. Rb3 Rb6 38. Rb4 Ke7 39. Kd2 Rd6+ 40. Ke3 Rd5 41. h3 Kd6 42. Rf4 Ke6 43. Rb4 f6 44. Kf3 Rc5 45. Rh4 Rc3+ 46. Ke2 Rc7 47. Rb4 Rc5 48. Rh4 h5 49. Rb4 Rf5 50. Rd4 Rd5 51. Rb4 Kd6 52. Rf4 Kc5 53. Rxf6 b4 54. g4 h4 55. Ke3 b3 56. Rf1 Kc4 0-1

[Event "Samara Polugaevsky Memorial 6th"]
[Site "Samara"]
[Date "2016.07.05"]
[Round "3"]
[White "Fedorov, Alexei"]
[Black "Kovalev, Egor"]
[Result "1-0"]
[WhiteElo "2565"]
[BlackElo "2222"]
[PlyCount "65"]
[EventDate "2016.07.03"]
[EventType "swiss"]
[EventRounds "9"]
[EventCountry "RUS"]
[SourceTitle "CBM 173 Extra"]
[Source "ChessBase"]
[SourceDate "2016.08.29"]
[SourceVersion "1"]
[SourceVersionDate "2016.08.29"]
[SourceQuality "1"]

1. e4 c5 2. Nf3 e6 3. d4 cxd4 4. Nxd4 Nf6 5. Nc3 Bb4 6. e5 Nd5 7. Qg4 0-0 8. Bh6 g6 9. Bxf8 Qxf8 10. Qg3 Qc5 11. Nde2 Nc6 12. 0-0-0 Nxc3 13. Nxc3 Bxc3 14. Qxc3 Qxc3 15. bxc3 Nxe5 16. Be2 f5 17. f4 Nf7 18. g4 fxg4 19. Bxg4 b5 20. Rhg1 Kg7 21. f5 exf5 22. Bxf5 d6 23. Bxc8 Rxc8 24. Rge1 Kf6 25. Re2 Rc5 26. Rf1+ Rf5 27. Rxf5+ gxf5 28. Re8 Ng5 29. Ra8 Nf3 30. Rxa7 h5 31. c4 bxc4 32. a4 Nxh2 33. a5 1-0

[Event "RUS-chT2"]
[Site "Sochi"]
[Date "2016.05.05"]
[Round "5.6"]
[White "Sergeyev, Alexander"]
[Black "Kovalev, Egor"]
[Result "1-0"]
[WhiteElo "2388"]
[BlackElo "2207"]
[PlyCount "87"]
[EventDate "2016.05.01"]
[EventType "team-swiss"]
[EventRounds "9"]
[EventCountry "RUS"]
[SourceTitle "EXT 2018"]
[Source "ChessBase"]
[SourceDate "2017.10.13"]
[SourceVersion "1"]
[SourceVersionDate "2017.10.13"]
[SourceQuality "1"]
[WhiteTeam "Salekhard Yamal"]
[BlackTeam "Moscow Youth"]
[WhiteTeamCountry "RUS"]
[BlackTeamCountry "RUS"]

1. d4 d5 2. c4 c6 3. Nc3 Nf6 4. cxd5 cxd5 5. Bf4 Nc6 6. e3 a6 7. Rc1 e6 8. Bd3 Be7 9. Nf3 Nh5 10. Be5 f5 11. h3 Nxe5 12. Nxe5 Nf6 13. g4 0-0 14. 0-0 g6 15. f4 Qd6 16. Rc2 Ne4 17. Bxe4 dxe4 18. Rg2 Kh8 19. Kh2 Bd7 20. Rfg1 Be8 21. h4 Bf6 22. g5 Bg7 23. Qb3 b5 24. Rc2 Rc8 25. Rgc1 Bd7 26. Ne2 Bxe5 27. fxe5 Qe7 28. Nf4 Rxc2+ 29. Rxc2 Rc8 30. Rxc8+ Bxc8 31. d5 exd5 32. Qxd5 Bb7 33. Qd4 Kg8 34. a3 Bc6 35. Kg3 Qd7 36. Kf2 Qxd4 37. exd4 Kf7 38. Ke3 Bb7 39. b4 Ke7 40. d5 Kd7 41. Kd4 Bc8 42. Kc5 Ke7 43. Kc6 e3 44. Kc5 1-0